| 000 | 00000nam##2200000za#4500 |
| 001 | 9.603800 |
| 003 | CaOODSP |
| 005 | 20241210082326 |
| 007 | cr ||||||||||| |
| 008 | 150406|2000||||xxc|||||o f|0| 0 fre|d |
| 022 | |a1701-9419 |
| 040 | |aCaOODSP|bfre |
| 043 | |an-cn--- |
| 086 | 1 |aFB3-2/100-19F-PDF |
| 110 | 2 |aBanque du Canada. |
| 245 | 13|aLe modèle USM d'analyse et de projection de l'économie américaine / |h[ressource électronique]|c[par] René Lalonde. |
| 260 | |aOttawa - Ontario : |bBanque du Canada |cOctobre 2000. |
| 300 | |a53p.|bfigures, graphiques, tableaux |
| 490 | 1 |aBanque du Canada - document de travail|x1701-9419|v2000-19 |
| 500 | |aL'ISSN (1192-5434) de l'édition imprimée a été incorrectement copié dans la version électronique. |
| 504 | |aBibliographie. |
| 546 | |aAbstract in English. |
| 590 | |a12-32-Supp|b2012-07-11 |
| 720 | 1 |aLalonde, René |
| 776 | 0#|tLe modèle USM d'analyse et de projection de l'économie américaine / |w(CaOODSP)9.625476 |
| 830 | #0|aDocument de travail (Banque du Canada)|x1701-9419|v2000-19|w(CaOODSP)9.501087 |
| 856 | 40|ahttp://publications.gc.ca|qPDF|s248 Ko|uhttps://publications.gc.ca/collections/collection_2012/banque-bank-canada/FB3-2-100-19-fra.pdf|y2000-19 |